Sports Quiz

Random Sports or Soccer Quiz

Odd One Out: European Footballers' Clubs Quiz Stats

 Plays Quiz Updated Aug 7, 2016

Also try: Top 100 UEFA Clubs
Challenge
Share
Tweet
Embed
Score 0/15 Timer 05:00
16 Plays Today
Set Odd One Out % Correct
David Beckham???
96%
Cristiano Ronaldo???
93.9%
Ronaldinho???
88.7%
Andriy Shevchenko???
87.4%
Zlatan Ibrahimović???
86.8%
Samuel Eto'o???
85.8%
Diego Maradona???
83.3%
Raúl (González)???
81.1%
Set Odd One Out % Correct
Miroslav Klose???
75.4%
Michael Owen???
75.2%
Thierry Henry???
63.4%
Andrea Pirlo???
61.5%
Edwin van der Sar???
51.2%
Zinédine Zidane???
44%
Fabio Cannavaro???
42.4%

You're not logged in!

Compare scores with friends on all Sporcle quizzes.
Join for Free
OR
Log In

You Might Also Like...

Show Comments

Extras

Top Quizzes Today


Score Distribution

Your Account Isn't Verified!

In order to create a playlist on Sporcle, you need to verify the email address you used during registration. Go to your Sporcle Settings to finish the process.

Report this User

Report this user for behavior that violates our Community Guidelines.

Details: